Quality assurance in medical education : (Record no. 30629)
[ view plain ]
| 000 -LEADER | |
|---|---|
| fixed length control field | 00619nam a2200181 4500 |
| 008 - FIXED-LENGTH DATA ELEMENTS--GENERAL INFORMATION | |
| fixed length control field | 200107b ||||| |||| 00| 0 eng d |
| 020 ## - INTERNATIONAL STANDARD BOOK NUMBER | |
| International Standard Book Number | 9780857297129 |
| 040 ## - CATALOGING SOURCE | |
| Original cataloging agency | MksU |
| 050 ## - LIBRARY OF CONGRESS CALL NUMBER | |
| Classification number | R834 |
| Item number | .M33 2013 |
| 100 ## - MAIN ENTRY--PERSONAL NAME | |
| Personal name | MacCarrick, Geraldine |
| 245 ## - TITLE STATEMENT | |
| Title | Quality assurance in medical education : |
| Remainder of title | a practical guide/ |
| Statement of responsibility, etc. | Geraldine MacCarrick |
| 260 ## - PUBLICATION, DISTRIBUTION, ETC. (IMPRINT) | |
| Place of publication, distribution, etc. | Dordrecht : |
| Name of publisher, distributor, etc. | Springer, |
| Date of publication, distribution, etc. | 2013. |
| 300 ## - PHYSICAL DESCRIPTION | |
| Extent | x, 81p. : |
| Other physical details | ill. ; |
| Dimensions | 21cm. |
| 500 ## - GENERAL NOTE | |
| General note | Include index |
| 650 ## - SUBJECT ADDED ENTRY--TOPICAL TERM | |
| Topical term or geographic name as entry element | Medical education |
| General subdivision | Accreditation |
| Chronological subdivision | Evaluation |
| 650 ## - SUBJECT ADDED ENTRY--TOPICAL TERM | |
| Topical term or geographic name as entry element | Medical education |
| General subdivision | Standards. |
| 942 ## - ADDED ENTRY ELEMENTS (KOHA) | |
| Source of classification or shelving scheme | |
| Koha item type | Hard Covered Materials |
| Classification part | R834 .M33 2013 |
| Withdrawn status | Lost status | Source of classification or shelving scheme | Damaged status | Not for loan | Home library | Current library | Shelving location | Date acquired | Source of acquisition | Cost, normal purchase price | Total Checkouts | Full call number | Barcode | Date last seen | Price effective from | Koha item type |
|---|---|---|---|---|---|---|---|---|---|---|---|---|---|---|---|---|
| MACHAKOS UNIVERSITY LIBRARY | MACHAKOS UNIVERSITY LIBRARY | Open shelf | 07/01/2020 | Donation (DVC ASA ) EYS | 6452.59 | R834 .M33 2013 | 23223 | 07/01/2020 | 07/01/2020 | Hard Covered Materials |